India book of records 2013 / (Record no. 76651)

MARC details
000 -LEADER
fixed length control field 00435nam a22001577a 4500
005 - DATE AND TIME OF LATEST TRANSACTION
control field 20130614111046.0
010 ## - LCCN (DPL NO)
LC control number ENG-107602
020 ## - INTERNATIONAL STANDARD BOOK NUMBER
International Standard Book Number 9789350832943
Terms of availability 395.00
035 ## - SYSTEM CONTROL NUMBER
System control number EN-91135
037 ## - SOURCE OF ACQUISITION
Source of stock number/acquisition DBAD/PUB
245 ## - TITLE STATEMENT
Title India book of records 2013 /
260 ## - PUBLICATION, DISTRIBUTION, ETC. (IMPRINT)
Place of publication, distribution, etc New Delhi
Name of publisher, distributor, etc Diamond Pocket Book
Date of publication, distribution, etc 2013
270 ## - ADDRESS
Address X-30, Okhla Industrial Area, Phase-II
City New Delhi
Postal code 110020
300 ## - PHYSICAL DESCRIPTION
Extent 381p.
Dimensions 23cm(pbk)
942 ## - ADDED ENTRY ELEMENTS (KOHA)
Source of classification or shelving scheme Dewey Decimal Classification
Item type English Books
Call number suffix 032.02
Holdings
Withdrawn status Lost status Not for loan Collection code Home library Current library Date acquired Source of acquisition Cost, normal purchase price Full call number Barcode Copy number Cost, replacement price Koha item type
    Not For Loan Non-fiction D.B.Act.Division D.B.Act.Division 14/06/2013 DBAD / PUB 395.00 032.02 EN-91135 1 395.00 English Books

© Delhi Public Library
Hit Counter
free hit counter